[Event "Reykjavik op"]
[Site "Reykjavik"]
[Date "2025.04.11"]
[Round "4"]
[White "Aas, Robert"]
[Black "Gajcin, Marina"]
[Result "0-1"]
[WhiteElo "1898"]
[BlackElo "2217"]
[PlyCount "54"]
[EventDate "2025.04.09"]
[EventType "swiss"]
[EventRounds "9"]
[EventCountry "ISL"]
[SourceTitle "CB17_2025"]
[SourceDate "2025.04.23"]
[SourceVersion "1"]
[SourceVersionDate "2025.04.23"]
[SourceQuality "1"]

1. d4 Nf6 2. c4 e6 3. Nf3 Bb4+ 4. Nbd2 b6 5. g3 0-0 6. Bg2 d5 7. 0-0 Bb7 8. cxd5 exd5 9. a3 Be7 10. b4 Nbd7 11. Rb1 Re8 12. Ne5 Nxe5 13. dxe5 Nd7 14. Bb2 a5 15. Qb3 axb4 16. axb4 Bf8 17. f4 c5 18. Bxd5 Bxd5 19. Qxd5 Nxe5 20. Qxd8 Raxd8 21. Bc1 Ng4 22. h3 Ne3 23. Rf3 cxb4 24. Nb3 Rd1+ 25. Kh2 Ng4+ 26. hxg4 Rxe2+ 27. Kh3 Rh1# 0-1

[Event "Reykjavik op"]
[Site "Reykjavik"]
[Date "2025.04.10"]
[Round "2"]
[White "Aas, Robert"]
[Black "Elier, Ali"]
[Result "1-0"]
[WhiteElo "1898"]
[BlackElo "2125"]
[PlyCount "129"]
[EventDate "2025.04.09"]
[EventType "swiss"]
[EventRounds "9"]
[EventCountry "ISL"]
[SourceTitle "CB17_2025"]
[SourceDate "2025.04.23"]
[SourceVersion "1"]
[SourceVersionDate "2025.04.23"]
[SourceQuality "1"]

1. d4 Nf6 2. c4 g6 3. Nc3 Bg7 4. e4 d6 5. Nf3 0-0 6. Be2 e5 7. 0-0 Nc6 8. d5 Ne7 9. Ne1 Ne8 10. c5 f5 11. f3 dxc5 12. Nd3 b6 13. b4 cxb4 14. Nxb4 a5 15. Nc2 Nd6 16. Na3 Bd7 17. Be3 f4 18. Bf2 g5 19. Rc1 Rf6 20. Qc2 Qe8 21. Qb1 Qh5 22. Kh1 Rh6 23. Bg1 Rf8 24. Qd3 Rff6 25. Nab5 Qh4 26. Qd1 Qg3 27. Qe1 Ng6 28. Nxc7 Nh4 29. Qf2 Rh5 30. Ne6 Bxe6 31. dxe6 Rxe6 32. Qxg3 fxg3 33. f4 gxh2 34. Bxh5 hxg1R+ 35. Kxg1 exf4 36. Rfd1 Be5 37. Bg4 Re8 38. Nd5 Nxe4 39. Re1 Bd4+ 40. Kh2 Kg7 41. Rc7+ Kh6 42. Bf3 Nf6 43. Rxe8 Nxf3+ 44. gxf3 Nxe8 45. Rc6+ Kh5 46. Kh3 Ng7 47. Ne7 b5 48. Ng8 Nf5 49. Nf6+ Bxf6 50. Rxf6 Nh4 51. Ra6 Nxf3 52. Rxa5 g4+ 53. Kg2 Nh4+ 54. Kf1 g3 55. Rxb5+ Kg4 56. Rb4 h5 57. a4 Nf3 58. a5 h4 59. a6 h3 60. Rb2 h2 61. Kg2 Ne1+ 62. Kh1 Nd3 63. Rxh2 f3 64. a7 f2 65. Rxf2 1-0